LEADER 04770nam 22006371 450 001 9910464907003321 005 20200520144314.0 010 $a1-4473-0883-2 010 $a1-4473-1443-3 035 $a(CKB)3710000000073757 035 $a(EBL)3030250 035 $a(SSID)ssj0001388130 035 $a(PQKBManifestationID)11808118 035 $a(PQKBTitleCode)TC0001388130 035 $a(PQKBWorkID)11394629 035 $a(PQKB)11653243 035 $a(MiAaPQ)EBC3030250 035 $a(Au-PeEL)EBL3030250 035 $a(CaPaEBR)ebr10811683 035 $a(CaONFJC)MIL1017116 035 $a(OCoLC)868919405 035 $a(EXLCZ)993710000000073757 100 $a20111125d2012 uy 0 101 0 $aeng 135 $aur|n|---||||| 181 $ctxt 182 $cc 183 $acr 200 10$aSupporting people with alcohol and drug problems $emaking a difference /$fSarah Galvani 210 1$aBristol :$cPolicy Press,$d2012. 215 $a1 online resource (298 p.) 225 0$aSocial work in practice series 300 $aDescription based upon print version of record. 311 $a1-84742-116-4 320 $aIncludes bibliographical references and index. 327 $a""Supporting people with alcohol and drug problems""; ""Contents""; ""List of tables, figures and boxes""; ""Tables""; ""Figures""; ""Boxes""; ""Acknowledgements""; ""List of abbreviations""; ""1. Setting the scene: alcohol and drugs in social work practice""; ""Introduction""; ""Prevalence of alcohol and other drug use""; ""History and relevance to social work practice""; ""Substance use and social work ethics and values""; ""Summary""; ""2. Working with people using substances""; ""Why people use alcohol and drugs""; ""Critical reflection""; ""Knowing enough""; ""Recognising substance use"" 327 $a""Engagement""""Assessment and intervention""; ""How to assess""; ""Positive support""; ""Summary""; ""3. Working with specialist substance use services""; ""Introduction""; ""Partnership working""; ""Models underpinning substance use interventions""; ""Structure of substance use services""; ""Accessing substance use services""; ""Referring to specialists""; ""Methods of intervention""; ""Summary""; ""4. Substance use among black and minority ethnic people""; ""Introduction""; ""Prevalence""; ""Risk and protective factors""; ""Policy initiatives"" 327 $a""Substance use treatment: barriers and access""""Good practice: assessment and intervention""; ""Traveller communities and substance use""; ""5. Substance use and parenting""; ""Introduction""; ""The policy context""; ""Impact on parenting""; ""Impact on children""; ""Risk and resilience""; ""Working with other family members""; ""Implications for practice: values, knowledge, skills""; ""Summary""; ""6. Domestic abuse and substance use""; ""Introduction""; ""The extent of overlap between substance use and domestic abuse""; ""Nature of the relationship""; ""The policy context"" 327 $a""Implications for practice""""Working with perpetrators""; ""Summary""; ""7. Older peoplea???s substance use""; ""Introduction""; ""Prevalence and patterns of substance use""; ""What difference does age make?""; ""Health impact""; ""Policy context""; ""Improving practice""; ""Intervention""; ""Barriers to practice with older substance users""; ""Summary""; ""8. Young peoplea???s substance use""; ""Introduction""; ""Patterns and perceptions of drug use""; ""Policy framework""; ""The law""; ""Reasons for substance use""; ""Risks and protective factors""; ""Assessment""; ""Intervention"" 327 $a""Good practice""""Summary""; ""9. Coexisting mental distress and substance use""; ""Introduction""; ""Terminology""; ""Is it a mental illness or not?""; ""The relationship between substance use and mental health""; ""How much overlap is there?""; ""Policy framework""; ""Working with both issues""; ""Assessment and risk assessment""; ""Interventions""; ""Supporting families and carers""; ""Summary""; ""10. Mind the gap: people with disabilities and substance use""; ""Introduction""; ""Definitions""; ""Policy framework""; ""Links between substance use and disabilities"" 327 $a""Part 1 a??? Learning difficulties or disabilities"" 410 0$aSocial Work in Practice Series 606 $aAlcoholism counseling 606 $aDrug abuse counseling 608 $aElectronic books. 615 0$aAlcoholism counseling. 615 0$aDrug abuse counseling. 676 $a362.29186 700 $aGalvani$b Sarah$0915661 801 0$bMiAaPQ 801 1$bMiAaPQ 801 2$bMiAaPQ 906 $aBOOK 912 $a9910464907003321 996 $aSupporting people with alcohol and drug problems$92052644 997 $aUNINA LEADER 03204nam 2200721Ia 450 001 9910139485403321 005 20200520144314.0 010 $a1-282-48327-7 010 $a9786612483271 010 $a1-4443-1803-9 010 $a1-4443-1804-7 035 $a(CKB)2550000000006592 035 $a(EBL)480462 035 $a(OCoLC)593254158 035 $a(SSID)ssj0000333892 035 $a(PQKBManifestationID)11257027 035 $a(PQKBTitleCode)TC0000333892 035 $a(PQKBWorkID)10396965 035 $a(PQKB)11618807 035 $a(MiAaPQ)EBC480462 035 $a(Au-PeEL)EBL480462 035 $a(CaPaEBR)ebr10361177 035 $a(CaONFJC)MIL248327 035 $a(PPN)201593874 035 $a(EXLCZ)992550000000006592 100 $a20090702d2010 uy 0 101 0 $aeng 135 $aur|n|---||||| 181 $ctxt 182 $cc 183 $acr 200 10$aActors and icons of the ancient theater$b[electronic resource] /$fEric Csapo 210 $aChichester, West Sussex, United Kingdom ;$aMalden, MA $cWiley-Blackwell$d2010 215 $a1 online resource (249 p.) 300 $aDescription based upon print version of record. 311 $a1-118-78288-7 311 $a1-4051-3536-0 320 $aIncludes bibliographical references and index. 327 $aActors and Icons of the Ancient Theater; Contents; List of illustrations; Preface; List of abbreviations; 1 A Portrait of the Artist I: Theater-Realistic Art in Athens, 500-330 bc; 2 A Portrait of the Artist II: Theater-Realistic Art in the Greek West, 400-300 bc; 3 The Spread of Theater and the Rise of the Actor; 4 Kallippides on the Floor Sweepings: The Limits of Realism in Classical Acting; 5 Cooking with Menander: Slices from the Ancient Home Entertainment Industry?; 6 The Politics of Privatization: A Short History of the Privatization of Drama from Classical Athens to Early Imperial Rome 327 $aBibliographyIndex 330 $aActors and Icons of the Ancient Theater examines actors and their popular reception from the origins of theater in Classical Greece to the Roman EmpirePresents a highly original viewpoint into several new and contested fields of studyOffers the first systematic survey of evidence for the spread of theater outside Athens and the impact of the expansion of theater upon actors and dramatic literatureAddresses a study of the privatization of theater and reveals how it was driven by political interestsChallenges preconceived notions about theater history 606 $aActing$xHistory$yTo 1500 606 $aTheater$zGreece$xHistory$yTo 500 606 $aTheater$xHistory$yTo 500 606 $aTheater$zRome 606 $aActors$zGreece 606 $aActors$zRome 615 0$aActing$xHistory 615 0$aTheater$xHistory 615 0$aTheater$xHistory 615 0$aTheater 615 0$aActors 615 0$aActors 676 $a792.02/80938 676 $a792.0280938 700 $aCsapo$b Eric$0303634 801 0$bMiAaPQ 801 1$bMiAaPQ 801 2$bMiAaPQ 906 $aBOOK 912 $a9910139485403321 996 $aActors and icons of the ancient theater$91758171 997 $aUNINA